000 00960cam a22002534a 4500
001 4044
005 20240603114616.0
020 _a0516249584
040 _aDLC
_cDLC
_dIG#
_dBAKER
_dDLC
_beng
050 0 0 _aQA113.D3575
_b2006
082 0 0 _a513.2
100 1 _aDalton, Julie
_d1951-
245 1 0 _aLook and count /
_cby Julie Dalton
260 _aNew York :
_bChildren's Press,
_c2006
300 _a31 pages :
_bcolor illustrations ;
_c19 cm.
490 _aRookie Read-About Math
505 _aF
520 _aThe popular Rookie Books expand their horizons - to all corners of the globe! With this series all about geography, emergent readers will take off on adventures to cities, nations, waterways, and habitats around the world...and right in their own backyards.
521 _a350
_bLexile
521 _aF
_bRaz-Plus
650 0 _aCounting
_vJuvenile literature.
906 _a7
_bcbc
_corignew
_d1
_eecip
_f20
_gy-gencatlg
942 _2ddc
_cBK
_n0
999 _c4044
_d4044